15 principaux pays touchés par Covid-19 - 8 mar 2021 - Statistiques

Statistiques générales
  • Ce quiz a été pris 38 fois
  • Le résultat moyen est 12 sur 27
Statistiques - réponses
pays % Correct
Etats-Unis
97%
France
97%
Espagne
89%
Allemagne
84%
Italie
84%
Royaume-Uni
78%
Inde
76%
Brésil
73%
Mexique
65%
Belgique
62%
Portugal
62%
Argentine
59%
Russie
59%
Suisse
41%
Colombie
38%
Pays-Bas
38%
Pologne
38%
Suède
30%
Turquie
24%
Iran
22%
Slovénie
8%
Israël
5%
Lituanie
5%
Tchèquie
5%
Bahreïn
3%
Géorgie
3%
Panama
3%
Aucun quiz correspondant
Distribution des résultats
% des personnes avec chaque résultat
Percentile par nombre de réponses
Votre historique - résultats
Vous n’avez pas pris ce quiz